[Event "EU-Cup 34th"]
[Site "Porto Carras"]
[Date "2018.10.18"]
[Round "7.1"]
[White "Mueller, Reinhold"]
[Black "Ruchko, Denis"]
[Result "1-0"]
[WhiteElo "2306"]
[BlackElo "1908"]
[PlyCount "75"]
[EventDate "2018.10.12"]
[EventType "team-swiss"]
[EventRounds "7"]
[EventCountry "GRE"]
[SourceTitle "CBM 187"]
[Source "ChessBase"]
[SourceDate "2018.12.11"]
[SourceVersion "1"]
[SourceVersionDate "2018.12.11"]
[SourceQuality "1"]
[WhiteTeam "Dublin"]
[BlackTeam "Ballinasloe"]
[WhiteTeamCountry "IRL"]
[BlackTeamCountry "IRL"]

1. d4 d5 2. c4 c6 3. Nf3 e6 4. g3 dxc4 5. Bg2 b5 6. Ne5 Bb7 7. a4 a6 8. Nc3 Bb4 9. 0-0 Bxc3 10. bxc3 Qc8 11. Ba3 Nd7 12. f4 Ngf6 13. f5 Qc7 14. Nxf7 Kxf7 15. fxe6+ Kxe6 16. e4 h5 17. e5 c5 18. exf6 gxf6 19. d5+ Kf7 20. d6 Qb6 21. a5 Qa7 22. Bd5+ Kg7 23. Qf3 Bxd5 24. Qxd5 Rae8 25. Rae1 Ne5 26. Re3 b4 27. Bc1 b3 28. Rd1 Qb8 29. Qxc5 b2 30. Bxb2 Qxb2 31. d7 Rd8 32. Rxe5 fxe5 33. Qxe5+ Kg8 34. Qe6+ Kg7 35. Qe7+ Kg6 36. Rd6+ Kf5 37. Rf6+ Kg4 38. Rf4+ 1-0

[Event "Dublin Irish Easter IM"]
[Site "Dublin"]
[Date "2018.03.30"]
[Round "4"]
[White "Mueller, Reinhold"]
[Black "Valdes Escobar, Alvaro Daniel"]
[Result "0-1"]
[WhiteElo "2294"]
[BlackElo "2381"]
[PlyCount "136"]
[EventDate "2018.03.28"]
[EventType "tourn"]
[EventRounds "9"]
[EventCountry "IRL"]
[SourceTitle "CBM 183 Extra"]
[Source "ChessBase"]
[SourceDate "2018.04.19"]
[SourceVersion "1"]
[SourceVersionDate "2018.04.19"]
[SourceQuality "1"]

1. d4 Nf6 2. c4 e6 3. Nf3 Bb4+ 4. Bd2 Qe7 5. g3 Nc6 6. Bg2 Bxd2+ 7. Nbxd2 d6 8. 0-0 a5 9. e4 e5 10. d5 Nb8 11. Ne1 Nbd7 12. Nd3 0-0 13. f4 b6 14. f5 Nc5 15. Nxc5 bxc5 16. g4 h6 17. h4 Nh7 18. Nf3 Bd7 19. Rf2 Rfb8 20. Qe2 Rb4 21. Rd1 Rab8 22. Rd2 c6 23. dxc6 Bxc6 24. Qd3 Rd8 25. Rfe2 a4 26. Re3 Bb7 27. Bf1 Ba6 28. Qc2 Rdb8 29. a3 Rb3 30. Rxb3 Rxb3 31. Rd3 Rxd3 32. Bxd3 Qd7 33. g5 hxg5 34. hxg5 Bb7 35. Qg2 g6 36. f6 Nf8 37. Kf2 Bc6 38. Ke3 Ne6 39. Qh2 Bb7 40. Qc2 Nf4 41. Nd2 Qc8 42. Nf3 Qg4 43. Qh2 Nxd3 44. Qh6 Qf4+ 45. Ke2 Qxe4+ 46. Kd2 Qf4+ 47. Kc2 Nb4+ 48. axb4 Be4+ 49. Kd1 Qxf3+ 50. Kd2 Qg2+ 51. Ke3 Qf3+ 52. Kd2 Qf2+ 53. Kd1 Qd4+ 54. Ke1 Qe3+ 55. Kd1 Qb3+ 56. Kd2 Qxb4+ 57. Kd1 Qb3+ 58. Ke1 Qb4+ 59. Kd1 Bf3+ 60. Kc2 Qxc4+ 61. Kd2 Qb4+ 62. Ke3 Qf4+ 63. Kd3 Qd4+ 64. Kc2 Qd1+ 65. Kc3 Qb3+ 66. Kd2 Qd1+ 67. Kc3 Qc1+ 68. Kd3 c4# 0-1

[Event "Dublin Irish Easter IM"]
[Site "Dublin"]
[Date "2018.03.29"]
[Round "3"]
[White "Delaney, Killian"]
[Black "Mueller, Reinhold"]
[Result "1/2-1/2"]
[WhiteElo "2200"]
[BlackElo "2294"]
[PlyCount "110"]
[EventDate "2018.03.28"]
[EventType "tourn"]
[EventRounds "9"]
[EventCountry "IRL"]
[SourceTitle "CBM 183 Extra"]
[Source "ChessBase"]
[SourceDate "2018.04.19"]
[SourceVersion "1"]
[SourceVersionDate "2018.04.19"]
[SourceQuality "1"]

1. e4 c5 2. c3 Nf6 3. e5 Nd5 4. Bc4 Nb6 5. Bb3 d5 6. exd6 exd6 7. d4 cxd4 8. cxd4 d5 9. Nc3 Be7 10. Qf3 Be6 11. Nge2 Nc6 12. Be3 Qd7 13. Nf4 0-0-0 14. Nxe6 fxe6 15. 0-0 e5 16. Rad1 e4 17. Qe2 Rhf8 18. Na4 Nxa4 19. Bxa4 Kb8 20. Rc1 Nxd4 21. Bxd4 Qxa4 22. Bxg7 Rg8 23. Be5+ Bd6 24. b3 Qd7 25. Bxd6+ Qxd6 26. f3 Qb6+ 27. Kh1 e3 28. Rfd1 d4 29. Rc4 d3 30. Rxd3 Rxd3 31. Qxd3 Rd8 32. Qf1 Rd2 33. Re4 Qb5 34. Qe1 Qd3 35. Qg3+ Kc8 36. h4 e2 37. Kh2 a6 38. Rc4+ Qxc4 39. bxc4 Rd1 40. Qg8+ Kd7 41. Qf7+ Kd8 42. Qf6+ Kd7 43. Qf5+ Kd8 44. Qg5+ Kd7 45. Qg4+ Kd6 46. Qf4+ Kd7 47. Qf7+ Kd8 48. Qg8+ Kc7 49. Qg7+ Kd8 50. Qf6+ Kd7 51. Qf5+ Kd8 52. Qg5+ Kd7 53. Qg7+ Kd8 54. Qg8+ Kc7 55. Qg7+ Kd8 1/2-1/2

[Event "Dublin Irish Easter IM"]
[Site "Dublin"]
[Date "2018.03.29"]
[Round "2"]
[White "Mueller, Reinhold"]
[Black "Melaugh, Gavin"]
[Result "1-0"]
[WhiteElo "2294"]
[BlackElo "1956"]
[PlyCount "51"]
[EventDate "2018.03.28"]
[EventType "tourn"]
[EventRounds "9"]
[EventCountry "IRL"]
[SourceTitle "CBM 183 Extra"]
[Source "ChessBase"]
[SourceDate "2018.04.19"]
[SourceVersion "1"]
[SourceVersionDate "2018.04.19"]
[SourceQuality "1"]

1. d4 e6 2. c4 Nf6 3. Nf3 d5 4. g3 Bb4+ 5. Bd2 Be7 6. Bg2 Nbd7 7. Qc2 0-0 8. 0-0 Nb6 9. b3 Ne4 10. Ba5 Bf6 11. Rd1 c5 12. Nbd2 Nxd2 13. Rxd2 Qe7 14. Rc1 dxc4 15. bxc4 cxd4 16. Nxd4 e5 17. Nb5 Be6 18. Nd6 Nxc4 19. Nxc4 Rac8 20. Qa4 b5 21. Qxb5 Rc5 22. Qa4 Rfc8 23. Bb4 Rxc4 24. Rxc4 Bxc4 25. Bxe7 Bxe7 26. Rc2 1-0

[Event "Staufer op 29th"]
[Site "Schwaebisch Gmuend"]
[Date "2017.01.06"]
[Round "9"]
[White "Mueller, Reinhold"]
[Black "Stets, Dmitry"]
[Result "1-0"]
[WhiteElo "2256"]
[BlackElo "2425"]
[PlyCount "107"]
[EventDate "2017.01.02"]
[EventType "swiss"]
[EventRounds "9"]
[EventCountry "GER"]
[SourceTitle "CBM 176 Extra"]
[Source "ChessBase"]
[SourceDate "2017.03.02"]
[SourceVersion "1"]
[SourceVersionDate "2017.03.02"]
[SourceQuality "1"]

1. d4 Nf6 2. c4 g6 3. Nf3 Bg7 4. g3 0-0 5. Bg2 d6 6. 0-0 Nc6 7. Nc3 Bf5 8. d5 Na5 9. Nd4 Bd7 10. b3 c5 11. dxc6 bxc6 12. Bb2 Rb8 13. Rb1 c5 14. Nc2 Nc6 15. Qd2 Qc8 16. Rfd1 Bh3 17. Bh1 h5 18. Ne3 Re8 19. Ncd5 Nxd5 20. Nxd5 Be6 21. Qg5 Bxb2 22. Rxb2 Bxd5 23. Bxd5 Kg7 24. Bxc6 Qxc6 25. Rd5 a5 26. Rbd2 a4 27. R2d3 axb3 28. axb3 Ra8 29. Rf3 Qd7 30. Kg2 Ra2 31. Qe3 f6 32. Qxc5 h4 33. h3 hxg3 34. Rxg3 Rxe2 35. Qd4 Qe6 36. Rdg5 Qe4+ 37. Qxe4 Rxe4 38. Rxg6+ Kf7 39. R6g4 Re2 40. Rg7+ Ke6 41. Rg8 Rxg8 42. Rxg8 Rb2 43. Rg3 f5 44. Rc3 f4 45. h4 Kf5 46. h5 Kg5 47. c5 dxc5 48. Rxc5+ Kg4 49. h6 f3+ 50. Kg1 Rxb3 51. h7 Rb8 52. Re5 Kh3 53. Rh5+ Kg4 54. h8Q 1-0

[Event "Oberliga Sued W 1516"]
[Site "Germany"]
[Date "2016.03.06"]
[Round "8.1"]
[White "Mueller, Reinhold"]
[Black "Le Corre, Benjamin"]
[Result "0-1"]
[WhiteElo "2330"]
[BlackElo "2313"]
[PlyCount "98"]
[EventDate "2015.09.20"]
[EventType "team-tourn"]
[EventRounds "9"]
[EventCountry "GER"]
[SourceTitle "EXT 2017"]
[Source "ChessBase"]
[SourceDate "2016.10.25"]
[SourceVersion "1"]
[SourceVersionDate "2016.10.25"]
[SourceQuality "1"]
[WhiteTeam "Schwarzenbach Caissa"]
[BlackTeam "Saarbruecken SVG"]
[WhiteTeamCountry "GER"]
[BlackTeamCountry "GER"]

1. d4 d6 2. Nf3 g6 3. c4 Bg7 4. Nc3 Nf6 5. g3 0-0 6. Bg2 c6 7. 0-0 Bf5 8. Nh4 Bc8 9. e4 e5 10. Nf3 Qc7 11. h3 Nbd7 12. Be3 Re8 13. Qc2 b6 14. Rfd1 exd4 15. Nxd4 Bb7 16. Ndb5 cxb5 17. Nxb5 Qb8 18. Nxd6 Bc6 19. f4 Rd8 20. e5 Bxg2 21. Qxg2 Qc7 22. exf6 Nxf6 23. b3 Rab8 24. Nb5 Qe7 25. Bd4 a6 26. Nc3 Rxd4 27. Rxd4 Qe3+ 28. Qf2 Qxf2+ 29. Kxf2 Ng4+ 30. Ke2 Bxd4 31. Kd3 Bxc3 32. Kxc3 Nf6 33. g4 Kf8 34. Kb4 Rd8 35. a4 Ne4 36. a5 Rb8 37. Re1 f5 38. gxf5 gxf5 39. Re3 b5 40. Rd3 bxc4+ 41. Kxc4 Ke7 42. Rd5 Nd6+ 43. Kc3 Rb5 44. Rd1 Rxa5 45. Kb4 Rb5+ 46. Ka4 Ne4 47. Rc1 Nc5+ 48. Ka3 Rxb3+ 49. Ka2 Rb5 0-1

[Event "Staufer op-A 28th"]
[Site "Schwaebisch Gmuend"]
[Date "2016.01.04"]
[Round "6"]
[White "Van Foreest, Jorden"]
[Black "Mueller, Reinhold"]
[Result "1-0"]
[WhiteElo "2541"]
[BlackElo "2215"]
[PlyCount "93"]
[EventDate "2016.01.02"]
[EventType "swiss"]
[EventRounds "9"]
[EventCountry "GER"]
[SourceTitle "CBM 170 Extra"]
[Source "ChessBase"]
[SourceDate "2016.02.25"]
[SourceVersion "1"]
[SourceVersionDate "2016.02.25"]
[SourceQuality "1"]

1. e4 e6 2. d4 d5 3. Nd2 Nf6 4. e5 Nfd7 5. f4 c5 6. Ngf3 Nc6 7. Nb3 c4 8. Nbd2 b5 9. Be2 Qb6 10. Nf1 Be7 11. Ne3 a5 12. 0-0 Ba6 13. Kh1 g6 14. Bd2 b4 15. Be1 f5 16. exf6 Nxf6 17. Bh4 Ne4 18. Bxe7 Kxe7 19. Ng4 c3 20. b3 Bxe2 21. Qxe2 a4 22. Nf2 Qa6 23. Qe3 axb3 24. cxb3 Nxf2+ 25. Rxf2 Kd7 26. Ne1 Qb6 27. Rd1 Kd6 28. Qg3 Ke7 29. Re2 Raf8 30. Nf3 Rf6 31. Qh4 Rhf8 32. Qxh7+ Kd6 33. Ne5 Qc7 34. Qh3 Rxf4 35. Nc4+ Kd7 36. Qxe6+ Kd8 37. Qxd5+ Qd7 38. Qg5+ Kc7 39. Ree1 Rxd4 40. Qg3+ Kd8 41. Ne5 Rxd1 42. Nxc6+ Qxc6 43. Qb8+ Qc8 44. Rxd1+ Ke7 45. Qa7+ Ke6 46. Re1+ Kf5 47. Qe7 1-0

[Event "GER-ch 86th"]
[Site "Saarbruecken"]
[Date "2015.12.08"]
[Round "6"]
[White "Riegler, Dieter"]
[Black "Mueller, Reinhold"]
[Result "1-0"]
[WhiteElo "2075"]
[BlackElo "2324"]
[PlyCount "67"]
[EventDate "2015.12.03"]
[EventType "swiss"]
[EventRounds "9"]
[EventCountry "GER"]
[SourceTitle "CBM 169 Extra"]
[Source "ChessBase"]
[SourceDate "2015.12.18"]
[SourceVersion "1"]
[SourceVersionDate "2015.12.18"]
[SourceQuality "1"]

1. d4 Nf6 2. c4 c5 3. d5 e6 4. Nc3 exd5 5. cxd5 d6 6. e4 g6 7. h3 Bg7 8. Nf3 0-0 9. Bd3 b5 10. Nxb5 Re8 11. 0-0 Nxe4 12. Re1 a6 13. Nc3 Nxc3 14. Rxe8+ Qxe8 15. bxc3 Bxc3 16. Rb1 Nd7 17. Qa4 Qd8 18. Bf4 Qc7 19. Qc6 Qxc6 20. dxc6 Ne5 21. Bxe5 dxe5 22. c7 Ra7 23. Rb8 Rxc7 24. Bxa6 e4 25. Nh2 Kg7 26. Rxc8 Ra7 27. Bc4 Bd4 28. Ng4 Rd7 29. Ne3 f5 30. Nd5 Kh6 31. Kf1 Rb7 32. Bb3 g5 33. Rc6+ Kh5 34. Rc7 1-0

[Event "GER-ch 86th"]
[Site "Saarbruecken"]
[Date "2015.12.06"]
[Round "4"]
[White "Mueller, Nick"]
[Black "Mueller, Reinhold"]
[Result "1-0"]
[WhiteElo "2175"]
[BlackElo "2324"]
[PlyCount "81"]
[EventDate "2015.12.03"]
[EventType "swiss"]
[EventRounds "9"]
[EventCountry "GER"]
[SourceTitle "CBM 169 Extra"]
[Source "ChessBase"]
[SourceDate "2015.12.18"]
[SourceVersion "1"]
[SourceVersionDate "2015.12.18"]
[SourceQuality "1"]

1. e4 c5 2. Nf3 d6 3. d4 cxd4 4. Nxd4 Nf6 5. Nc3 g6 6. Be3 Bg7 7. f3 Nc6 8. Qd2 0-0 9. 0-0-0 d5 10. Qe1 e5 11. Nxc6 bxc6 12. exd5 Nxd5 13. Bc4 Be6 14. Ne4 Rb8 15. Bc5 Qc7 16. Bxf8 Bxf8 17. Bb3 a5 18. g4 Qb7 19. a4 Be7 20. Kb1 c5 21. Nd2 Nf6 22. Qxe5 Nd7 23. Qe4 Bf6 24. Qxb7 Rxb7 25. Ne4 Bd4 26. Bxe6 fxe6 27. c3 Bg7 28. f4 c4 29. Rd6 Nb6 30. Nc5 Rb8 31. Rxe6 Nd5 32. Kc2 Nxf4 33. Re4 g5 34. Rxc4 Nd5 35. Re4 Rc8 36. Ne6 Bxc3 37. bxc3 Nxc3 38. Ree1 Ne4+ 39. Kd3 Nf2+ 40. Kd4 Nxh1 41. Rxh1 1-0

[Event "GER-ch 86th"]
[Site "Saarbruecken"]
[Date "2015.12.03"]
[Round "1"]
[White "Mueller, Reinhold"]
[Black "Khenkin, Igor"]
[Result "0-1"]
[WhiteElo "2324"]
[BlackElo "2594"]
[PlyCount "98"]
[EventDate "2015.12.03"]
[EventType "swiss"]
[EventRounds "9"]
[EventCountry "GER"]
[SourceTitle "CBM 169 Extra"]
[Source "ChessBase"]
[SourceDate "2015.12.18"]
[SourceVersion "1"]
[SourceVersionDate "2015.12.18"]
[SourceQuality "1"]

1. d4 d5 2. Nf3 c6 3. c4 dxc4 4. e3 b5 5. a4 e6 6. axb5 cxb5 7. b3 Bb4+ 8. Bd2 Bxd2+ 9. Nbxd2 a5 10. bxc4 b4 11. Ne5 Nf6 12. Be2 0-0 13. Bf3 Ra6 14. 0-0 Qc7 15. c5 Nd5 16. Ndc4 Nd7 17. Bxd5 exd5 18. Nxd7 Bxd7 19. Nb6 Bb5 20. Re1 Rxb6 21. cxb6 Qxb6 22. Qb3 Bc4 23. Qa4 Ra8 24. Reb1 b3 25. Rb2 h5 26. h3 h4 27. Rc1 Qb4 28. Qxb4 axb4 29. Rd1 Kf8 30. f3 f5 31. Kf2 Ra2 32. Rdd2 Ke7 33. g3 g5 34. g4 f4 35. e4 Ra1 36. e5 Rf1+ 37. Kg2 Rc1 38. Kf2 Kd7 39. Kg2 Rc3 40. Kf2 Rc1 41. Kg2 Kc6 42. Kf2 Kb5 43. Kg2 Ka4 44. e6 Re1 45. Kf2 Rxe6 46. Rb1 Re3 47. Ra1+ Kb5 48. Ra8 Re2+ 49. Rxe2 Bxe2 0-1

[Event "Oberliga Sued W 1516"]
[Site "Germany"]
[Date "2015.11.08"]
[Round "2.1"]
[White "Carow, Johannes"]
[Black "Mueller, Reinhold"]
[Result "1-0"]
[WhiteElo "2407"]
[BlackElo "2330"]
[PlyCount "75"]
[EventDate "2015.09.20"]
[EventType "team-tourn"]
[EventRounds "9"]
[EventCountry "GER"]
[SourceTitle "CBM 170 Extra"]
[Source "ChessBase"]
[SourceDate "2016.02.25"]
[SourceVersion "1"]
[SourceVersionDate "2016.02.25"]
[SourceQuality "1"]
[WhiteTeam "Heidesheim"]
[BlackTeam "Schwarzenbach Caissa"]
[WhiteTeamCountry "GER"]
[BlackTeamCountry "GER"]

1. c4 Nf6 2. Nc3 c5 3. Nf3 g6 4. g3 Bg7 5. Bg2 0-0 6. d4 cxd4 7. Nxd4 Nc6 8. 0-0 Nxd4 9. Qxd4 d6 10. Qd3 Qc7 11. Bg5 Be6 12. b3 a6 13. Rac1 Rfc8 14. e4 Rab8 15. Rfe1 Qd7 16. a4 h6 17. Be3 Bh3 18. Ba7 Ra8 19. Bd4 Bxg2 20. Kxg2 Rab8 21. Rc2 Qc6 22. Nd5 Nxd5 23. exd5 Qd7 24. Bxg7 Kxg7 25. Rce2 Rc7 26. Qd4+ Kh7 27. Qf4 Kg7 28. Rxe7 Qxe7 29. Rxe7 Rxe7 30. Qxd6 Rbe8 31. Qb6 Rd7 32. Qd4+ Kg8 33. c5 a5 34. d6 Rc8 35. Qc4 Rc6 36. Qb5 Kh7 37. Qxa5 b6 38. Qb5 1-0

[Event "Oberliga Sued W 1415"]
[Site "Germany"]
[Date "2015.04.12"]
[Round "9.3"]
[White "Muranyi, Karl Jasmin"]
[Black "Mueller, Reinhold"]
[Result "1/2-1/2"]
[WhiteElo "2355"]
[BlackElo "2280"]
[PlyCount "95"]
[EventDate "2014.09.21"]
[EventType "team-tourn"]
[EventRounds "9"]
[EventCountry "GER"]
[SourceTitle "EXT 2019"]
[Source "ChessBase"]
[SourceDate "2018.10.10"]
[SourceVersion "1"]
[SourceVersionDate "2018.10.10"]
[SourceQuality "1"]
[WhiteTeam "Landau"]
[BlackTeam "Schwarzenbach Caissa"]
[WhiteTeamCountry "GER"]
[BlackTeamCountry "GER"]

1. d4 Nf6 2. c3 d5 3. Bf4 e6 4. e3 Bd6 5. Bg3 c5 6. Nd2 0-0 7. Ngf3 Nc6 8. a3 Qe7 9. Bb5 a6 10. Bxc6 bxc6 11. b4 cxd4 12. exd4 Bxg3 13. hxg3 a5 14. 0-0 axb4 15. axb4 Ba6 16. Re1 Bb5 17. Ne5 Nd7 18. Nxd7 Qxd7 19. Nb3 Qc7 20. Nc5 Ra7 21. f4 Rfa8 22. Rxa7 Qxa7 23. g4 Qa3 24. Qf3 Qb2 25. f5 exf5 26. gxf5 Ra1 27. Qg3 Rxe1+ 28. Qxe1 Qe2 29. Qxe2 Bxe2 30. Kf2 Bd1 31. c4 Kf8 32. b5 cxb5 33. cxb5 Ke7 34. b6 Kd6 35. f6 gxf6 36. Na6 Kc6 37. Nb4+ Kxb6 38. Nxd5+ Kc6 39. Nxf6 Bc2 40. Ke3 Kd6 41. Kf4 Ke6 42. Ng4 Ba4 43. Ne3 Bc6 44. g3 f6 45. d5+ Bxd5 46. Nxd5 Kxd5 47. Kf5 Kd4 48. Kxf6 1/2-1/2

[Event "GER CupT V6"]
[Site "Pirmasens"]
[Date "2015.01.11"]
[Round "2.1"]
[White "Mueller, Reinhold"]
[Black "Noe, Christopher"]
[Result "1/2-1/2"]
[WhiteElo "2280"]
[BlackElo "2330"]
[PlyCount "93"]
[EventDate "2015.01.10"]
[EventType "team-k.o."]
[EventRounds "2"]
[EventCountry "GER"]
[SourceTitle "EXT 2019"]
[Source "ChessBase"]
[SourceDate "2018.10.10"]
[SourceVersion "1"]
[SourceVersionDate "2018.10.10"]
[SourceQuality "1"]
[WhiteTeam "Schwarzenbach Caissa"]
[BlackTeam "Eppingen"]
[WhiteTeamCountry "GER"]
[BlackTeamCountry "GER"]

1. d4 Nf6 2. c4 g6 3. Nc3 Bg7 4. e4 d6 5. f4 0-0 6. Nf3 c5 7. d5 e6 8. Be2 exd5 9. cxd5 Re8 10. e5 dxe5 11. fxe5 Ng4 12. Bg5 Qb6 13. 0-0 Nxe5 14. d6 Nxf3+ 15. Bxf3 Qxb2 16. Nd5 Qxa1 17. Qxa1 Bxa1 18. Rxa1 Nd7 19. Be7 Rb8 20. Nc7 Rf8 21. Re1 c4 22. Bxf8 Nxf8 23. Re8 c3 24. Bd1 Kg7 25. Nd5 Be6 26. Rxb8 Bxd5 27. Rc8 Bxa2 28. Rxc3 Kf6 29. Ra3 Bd5 30. Rxa7 Ke6 31. Bf3 Bxf3 32. gxf3 Kxd6 33. Rxb7 Ke6 34. Kf2 Kf6 35. Ke3 Ne6 36. Ra7 Ng7 37. Kf4 Ne6+ 38. Ke4 Ng5+ 39. Ke3 Ne6 40. Ra6 Ke5 41. Ra5+ Kf6 42. h4 Ng7 43. Kf4 Nh5+ 44. Kg4 Kg7 45. Ra6 Nf6+ 46. Kf4 Nh5+ 47. Kg4 1/2-1/2

[Event "Staufer op-A 27th"]
[Site "Schwaebisch Gmuend"]
[Date "2015.01.03"]
[Round "4"]
[White "Brockhaus, Bernd"]
[Black "Mueller, Reinhold"]
[Result "0-1"]
[WhiteElo "2022"]
[BlackElo "2244"]
[PlyCount "54"]
[EventDate "2015.01.02"]
[EventType "swiss"]
[EventRounds "9"]
[EventCountry "GER"]
[SourceTitle "CBM 164 Extra"]
[Source "ChessBase"]
[SourceDate "2015.03.02"]
[SourceVersion "1"]
[SourceVersionDate "2015.03.02"]
[SourceQuality "1"]

1. e4 c5 2. c3 Nf6 3. e5 Nd5 4. d4 cxd4 5. cxd4 d6 6. Bc4 Nb6 7. Bb3 dxe5 8. Qh5 e6 9. dxe5 Nc6 10. Nf3 Qd3 11. Qg4 Bd7 12. Bd2 Bc5 13. Bc3 0-0-0 14. Nbd2 f5 15. exf6 gxf6 16. Qe4 Nb4 17. 0-0-0 Rhf8 18. a3 f5 19. Qe5 Bd6 20. Qe1 N4d5 21. Ne5 Qb5 22. Bd4 Nf4 23. Kb1 Rfe8 24. g3 Nd3 25. Qf1 Nxe5 26. Bxb6 Qxb6 27. f4 Bb5 0-1

[Event "GER-ch 85th"]
[Site "Verden an der Aller"]
[Date "2014.11.29"]
[Round "9"]
[White "Steffens, Olaf"]
[Black "Mueller, Reinhold"]
[Result "1-0"]
[WhiteElo "2279"]
[BlackElo "2289"]
[PlyCount "27"]
[EventDate "2014.11.21"]
[EventType "swiss"]
[EventRounds "9"]
[EventCountry "GER"]
[SourceTitle "CBM 163 Extra"]
[Source "ChessBase"]
[SourceDate "2014.12.23"]
[SourceVersion "1"]
[SourceVersionDate "2014.12.23"]
[SourceQuality "1"]

1. b4 e5 2. a3 d5 3. Bb2 Bd6 4. c4 dxc4 5. e3 Nf6 6. Bxc4 0-0 7. Nc3 a5 8. b5 Nbd7 9. Qc2 Nc5 10. Nf3 e4 11. Ng5 Qe7 12. f3 exf3 13. Nd5 f2+ 14. Kf1 1-0

[Event "GER-ch 85th"]
[Site "Verden an der Aller"]
[Date "2014.11.27"]
[Round "7"]
[White "Hundack, Rolf"]
[Black "Mueller, Reinhold"]
[Result "1-0"]
[WhiteElo "2223"]
[BlackElo "2289"]
[PlyCount "81"]
[EventDate "2014.11.21"]
[EventType "swiss"]
[EventRounds "9"]
[EventCountry "GER"]
[SourceTitle "CBM 163 Extra"]
[Source "ChessBase"]
[SourceDate "2014.12.23"]
[SourceVersion "1"]
[SourceVersionDate "2014.12.23"]
[SourceQuality "1"]

1. c4 c5 2. g3 Nf6 3. Bg2 g6 4. Nc3 Bg7 5. Nf3 Nc6 6. 0-0 0-0 7. d4 cxd4 8. Nxd4 Ng4 9. Nc2 d6 10. Bd2 Be6 11. b3 Rc8 12. Rc1 Qa5 13. Nd5 Qd8 14. h3 Nf6 15. Bg5 Bxd5 16. cxd5 Ne5 17. Qd2 Qb6 18. Be3 Qa6 19. a4 Rfe8 20. Nd4 Ned7 21. Nb5 Nc5 22. Qa2 b6 23. Nd4 Qb7 24. b4 Na6 25. Qb3 Nb8 26. Nc6 Nxc6 27. dxc6 Qc7 28. Bf3 Red8 29. Rfd1 e6 30. b5 Qe7 31. a5 bxa5 32. b6 axb6 33. Bxb6 Re8 34. Bxa5 d5 35. c7 Nd7 36. Qb5 Ne5 37. Bb4 Qd7 38. Qxd7 Nxd7 39. e4 Ne5 40. Be2 dxe4 41. Bb5 1-0

[Event "GER-ch 85th"]
[Site "Verden an der Aller"]
[Date "2014.11.24"]
[Round "4"]
[White "Mueller, Reinhold"]
[Black "Grigorian, Spartak"]
[Result "1/2-1/2"]
[WhiteElo "2289"]
[BlackElo "2244"]
[PlyCount "85"]
[EventDate "2014.11.21"]
[EventType "swiss"]
[EventRounds "9"]
[EventCountry "GER"]
[SourceTitle "CBM 163 Extra"]
[Source "ChessBase"]
[SourceDate "2014.12.23"]
[SourceVersion "1"]
[SourceVersionDate "2014.12.23"]
[SourceQuality "1"]

1. d4 Nf6 2. c4 e6 3. Nf3 Bb4+ 4. Nbd2 0-0 5. g3 b6 6. Bg2 Bb7 7. 0-0 Be7 8. Qc2 c5 9. e4 d5 10. cxd5 exd5 11. e5 Ne4 12. dxc5 Nxd2 13. Bxd2 bxc5 14. Rfe1 a5 15. h4 Ra6 16. Ng5 Rg6 17. Nxh7 Nc6 18. Nxf8 Nd4 19. Qd1 Bxf8 20. h5 Ra6 21. Be3 Ne6 22. Rc1 Qa8 23. Rc2 Rb6 24. b3 a4 25. Qd3 axb3 26. axb3 d4 27. Bxb7 Qxb7 28. Bd2 Rxb3 29. Qe4 Qa6 30. Rec1 Rd3 31. Bf4 Qa3 32. Kg2 Qb3 33. g4 Nxf4+ 34. Qxf4 Qb7+ 35. f3 Re3 36. Rxc5 Bxc5 37. Rxc5 Rc3 38. Ra5 d3 39. h6 d2 40. Ra1 Qd5 41. Rd1 gxh6 42. Rxd2 Rxf3 43. Rxd5 1/2-1/2

[Event "GER-ch 85th"]
[Site "Verden an der Aller"]
[Date "2014.11.21"]
[Round "1"]
[White "Khenkin, Igor"]
[Black "Mueller, Reinhold"]
[Result "1-0"]
[WhiteElo "2575"]
[BlackElo "2289"]
[PlyCount "99"]
[EventDate "2014.11.21"]
[EventType "swiss"]
[EventRounds "9"]
[EventCountry "GER"]
[SourceTitle "CBM 163 Extra"]
[Source "ChessBase"]
[SourceDate "2014.12.23"]
[SourceVersion "1"]
[SourceVersionDate "2014.12.23"]
[SourceQuality "1"]

1. d4 Nf6 2. Nf3 g6 3. c4 Bg7 4. Nc3 c5 5. d5 e6 6. e4 exd5 7. exd5 0-0 8. h3 Re8+ 9. Be2 d6 10. 0-0 Ne4 11. Nxe4 Rxe4 12. Bd3 Re8 13. Bg5 Bf6 14. Qd2 Nd7 15. Bxf6 Nxf6 16. Rfe1 b5 17. cxb5 Bb7 18. Bc4 Qd7 19. Qd3 Rxe1+ 20. Rxe1 Re8 21. Re3 Rxe3 22. fxe3 Qe7 23. a4 Qe4 24. Qxe4 Nxe4 25. a5 Kf8 26. Kf1 Nf6 27. Nd2 Nxd5 28. a6 Ba8 29. Bxd5 Bxd5 30. e4 Ba8 31. Nc4 Ke7 32. b6 axb6 33. Nxb6 Bxe4 34. a7 Ke6 35. a8Q Bxa8 36. Nxa8 Kd5 37. Nb6+ Kd4 38. Ke2 f5 39. h4 Ke4 40. Nd7 h6 41. Nf6+ Kf4 42. Kf2 g5 43. h5 g4 44. g3+ Ke5 45. Ng8 d5 46. Nxh6 Kf6 47. Ke3 Kg5 48. Nf7+ Kxh5 49. Kf4 d4 50. Ne5 1-0

[Event "Oberliga Sued W 1415"]
[Site "Germany"]
[Date "2014.11.09"]
[Round "3.2"]
[White "Mueller, Reinhold"]
[Black "Le Corre, Benjamin"]
[Result "0-1"]
[WhiteElo "2280"]
[BlackElo "2272"]
[PlyCount "124"]
[EventDate "2014.09.21"]
[EventType "team-tourn"]
[EventRounds "9"]
[EventCountry "GER"]
[SourceTitle "EXT 2019"]
[Source "ChessBase"]
[SourceDate "2018.10.10"]
[SourceVersion "1"]
[SourceVersionDate "2018.10.10"]
[SourceQuality "1"]
[WhiteTeam "Schwarzenbach Caissa"]
[BlackTeam "Saarbruecken SVG"]
[WhiteTeamCountry "GER"]
[BlackTeamCountry "GER"]

1. d4 Nf6 2. c4 g6 3. Nf3 Bg7 4. g3 0-0 5. Bg2 d6 6. Nc3 Nc6 7. 0-0 Bf5 8. d5 Na5 9. Nd4 Bd7 10. Qd3 c5 11. Nb3 a6 12. Bd2 Rb8 13. h3 Nxb3 14. axb3 Qc8 15. g4 b5 16. Ra2 Rb6 17. Rfa1 Qb7 18. Bc1 Rb8 19. e4 Qc8 20. f4 Ne8 21. Qe2 Bd4+ 22. Kh1 Ng7 23. e5 h5 24. e6 fxe6 25. dxe6 Bxe6 26. Nd5 Bxd5 27. Bxd5+ e6 28. Be4 bxc4 29. bxc4 Rb3 30. Kg2 Qd8 31. g5 e5 32. fxe5 Bxe5 33. Ra3 Rxb2 34. Bxb2 Rxb2 35. Bc2 Qxg5+ 36. Kh1 Rxc2 37. Qxc2 Bxa1 38. Rxa1 Nf5 39. Qd3 Kg7 40. Rxa6 Qc1+ 41. Kh2 Qf4+ 42. Kg1 Ne3 43. Qc3+ Kf7 44. Qe1 Qg5+ 45. Kf2 Qh4+ 46. Ke2 Qxc4+ 47. Kxe3 Qxa6 48. Qf2+ Ke6 49. Qf8 Qa3+ 50. Kd2 Qb2+ 51. Kd3 Qd4+ 52. Kc2 Qe4+ 53. Kd2 Qf5 54. Qe8+ Kd5 55. Qa8+ Ke5 56. Qe8+ Qe6 57. Qh8+ Kf4 58. Qf8+ Kg3 59. Qf1 Qa2+ 60. Ke3 Qb3+ 61. Ke4 d5+ 62. Ke5 Qe3+ 0-1